[Event "Barnaul Kura Memorial"]
[Site "Barnaul"]
[Date "2023.02.26"]
[Round "9"]
[White "Kiselev, Alexander S"]
[Black "Dronov, Alexander"]
[Result "1/2-1/2"]
[WhiteElo "2131"]
[BlackElo "2011"]
[PlyCount "192"]
[EventDate "2023.02.25"]
[EventType "swiss (rapid)"]
[EventRounds "11"]
[EventCountry "RUS"]
[SourceTitle "CBM 213 Extra"]
[Source "ChessBase"]
[SourceDate "2023.05.31"]
[SourceVersion "1"]
[SourceVersionDate "2023.05.31"]
[SourceQuality "1"]

1. c4 Nc6 2. Nf3 e5 3. Nc3 Nf6 4. g3 Bc5 5. Bg2 d6 6. 0-0 a6 7. a3 0-0 8. b4 Ba7 9. Bb2 h6 10. d3 Re8 11. Rc1 Ne7 12. Ne4 Nxe4 13. dxe4 Ng6 14. c5 Qe7 15. Qc2 dxc5 16. bxc5 Bd7 17. Rfd1 Bc6 18. Nd2 Rad8 19. a4 Kh7 20. Ba3 Rd4 21. Nc4 Rxd1+ 22. Qxd1 Bxc5 23. Bxc5 Qxc5 24. Ne3 Qd4 25. Nd5 Qxd1+ 26. Rxd1 Bxd5 27. exd5 b6 28. a5 b5 29. Rc1 f5 30. e4 f4 31. Rxc7 Rb8 32. Rc6 b4 33. Rb6 Rc8 34. Rxb4 Rc1+ 35. Bf1 Nf8 36. gxf4 Nd7 37. fxe5 Nxe5 38. Kg2 Ra1 39. Bxa6 Rxa5 40. Bc8 Ra2 41. Bf5+ g6 42. Rb7+ Kh8 43. Be6 Rd2 44. Kg3 g5 45. Rb5 Rd3+ 46. Kg2 Kg7 47. d6 Kf6 48. Bd5 g4 49. Rb8 h5 50. Rf8+ Kg6 51. Re8 Nd7 52. Re7 Nf6 53. Re6 Kf7 54. Re5+ Kg6 55. Rf5 Nd7 56. Kg1 h4 57. Kf1 h3 58. Ke2 Rd4 59. Ke3 Rd1 60. Kf4 Rh1 61. Kxg4 Rxh2 62. Rg5+ Kf6 63. Rf5+ Kg6 64. Rg5+ Kf6 65. Rh5 Rg2+ 66. Kf3 Rg5 67. Rxh3 Rg6 68. Rh5 Kg7 69. Rf5 Rxd6 70. Kf4 Nf6 71. Ke5 Ra6 72. Rg5+ Kf8 73. f4 Nd7+ 74. Kd4 Ra4+ 75. Ke3 Ra3+ 76. Kf2 Nc5 77. Rh5 Nd3+ 78. Kg1 Ke7 79. Rh7+ Kd6 80. Rh6+ Kc5 81. f5 Ra1+ 82. Kh2 Nf4 83. Bb7 Ra7 84. Rh7 Kd6 85. Kg3 Ne2+ 86. Kg4 Nc3 87. Kf4 Ne2+ 88. Ke3 Nc3 89. f6 Ra3 90. Kf4 Ne2+ 91. Kg5 Rg3+ 92. Kh6 Nf4 93. Re7 Rg6+ 94. Kh7 Rxf6 95. Re8 Re6 96. Rxe6+ Nxe6 1/2-1/2

[Event "Heusenstamm Sparkassen op-A 3rd"]
[Site "Heusenstamm"]
[Date "2016.11.27"]
[Round "3"]
[White "Kiselev, Alexander S"]
[Black "Feicht, Arno"]
[Result "0-1"]
[WhiteElo "2149"]
[BlackElo "1957"]
[PlyCount "76"]
[EventDate "2016.11.24"]
[EventType "swiss"]
[EventRounds "7"]
[EventCountry "GER"]
[SourceTitle "EXT 2018"]
[Source "ChessBase"]
[SourceDate "2017.10.13"]
[SourceVersion "1"]
[SourceVersionDate "2017.10.13"]
[SourceQuality "1"]

1. e4 c5 2. Nf3 Nc6 3. d4 cxd4 4. Nxd4 e5 5. Nb5 d6 6. c4 f5 7. N1c3 a6 8. Na3 Nf6 9. Bd3 f4 10. Nd5 Be7 11. Bd2 0-0 12. Nc2 Kh8 13. b4 Bg4 14. f3 Bd7 15. Qe2 Nxd5 16. exd5 Bh4+ 17. g3 fxg3 18. hxg3 Bxg3+ 19. Kd1 Nd4 20. Nxd4 exd4 21. Bxh7 Bh4 22. Bd3 Kg8 23. Qh2 Rxf3 24. Qe2 Bg4 25. Kc2 Qf6 26. Rag1 Bh3 27. Kc1 Rf2 28. Qh5 Rf3 29. Qh7+ Kf7 30. Rg6 Qe5 31. Rhg1 Bf6 32. Re1 Re3 33. Reg1 Rxd3 34. Rxf6+ Qxf6 35. Qxd3 Bf5 36. Qf3 Rc8 37. Rf1 Rxc4+ 38. Kd1 Bg4 0-1

[Event "Heusenstamm Sparkassen op-A 3rd"]
[Site "Heusenstamm"]
[Date "2016.11.27"]
[Round "7"]
[White "Kiselev, Alexander S"]
[Black "Prill, Gerhard"]
[Result "1-0"]
[WhiteElo "2149"]
[BlackElo "2018"]
[PlyCount "67"]
[EventDate "2016.11.24"]
[EventType "swiss"]
[EventRounds "7"]
[EventCountry "GER"]
[SourceTitle "EXT 2018"]
[Source "ChessBase"]
[SourceDate "2017.10.13"]
[SourceVersion "1"]
[SourceVersionDate "2017.10.13"]
[SourceQuality "1"]

1. e4 e5 2. Nf3 Nc6 3. d4 exd4 4. Nxd4 Nf6 5. Nxc6 bxc6 6. e5 Qe7 7. Qe2 Nd5 8. c4 Nb6 9. Nc3 g6 10. f4 Bg7 11. Qe4 Bb7 12. Bd3 d5 13. Qe2 0-0 14. 0-0 Rad8 15. Qf2 d4 16. Ne4 c5 17. b3 Bxe4 18. Bxe4 f6 19. exf6 Bxf6 20. Bd3 Rde8 21. Bd2 Qd6 22. Rad1 Nd7 23. h4 Bg7 24. Qf3 Nf6 25. Rfe1 c6 26. g3 Nd7 27. Rxe8 Rxe8 28. h5 gxh5 29. Bxh7+ Kh8 30. Kg2 Qh6 31. Bd3 Kg8 32. Rh1 Ne5 33. Qe2 Qf6 34. Rxh5 1-0

[Event "Heusenstamm Sparkassen op-A 3rd"]
[Site "Heusenstamm"]
[Date "2016.11.25"]
[Round "2"]
[White "Stocek, Jiri"]
[Black "Kiselev, Alexander S"]
[Result "1-0"]
[WhiteElo "2547"]
[BlackElo "2149"]
[PlyCount "65"]
[EventDate "2016.11.24"]
[EventType "swiss"]
[EventRounds "7"]
[EventCountry "GER"]
[SourceTitle "CBM 175 Extra"]
[Source "ChessBase"]
[SourceDate "2016.12.12"]
[SourceVersion "1"]
[SourceVersionDate "2016.12.12"]
[SourceQuality "1"]

1. d4 d5 2. c4 c6 3. Nf3 Nf6 4. Nc3 e6 5. Bg5 h6 6. Bxf6 Qxf6 7. e3 Nd7 8. Bd3 Bd6 9. e4 dxe4 10. Nxe4 Bb4+ 11. Ke2 Qe7 12. c5 Ba5 13. Nd6+ Kd8 14. Ne5 Rf8 15. Qb3 Nxe5 16. dxe5 Qg5 17. Nc4 Bc7 18. h4 Qg4+ 19. Ke3 f5 20. Rag1 f4+ 21. Kd4 b5 22. Nd6 Bxd6 23. exd6 e5+ 24. Kc3 Be6 25. Qb4 a5 26. Qe4 Bd5 27. Qxe5 Re8 28. Qd4 Ra7 29. Re1 Rxe1 30. Rxe1 Qxg2 31. Qe5 b4+ 32. Kd2 Bf7 33. d7 1-0

[Event "Marianske Lazne op 13th"]
[Site "Marianske Lazne"]
[Date "2014.01.22"]
[Round "6"]
[White "Grela, Kacper"]
[Black "Kiselev, Alexander S"]
[Result "1-0"]
[WhiteElo "1987"]
[BlackElo "2178"]
[PlyCount "65"]
[EventDate "2014.01.18"]
[EventType "swiss"]
[EventRounds "9"]
[EventCountry "CZE"]
[SourceTitle "CBM 158 Extra"]
[Source "ChessBase"]
[SourceDate "2014.02.28"]
[SourceVersion "1"]
[SourceVersionDate "2014.02.28"]
[SourceQuality "1"]

1. e4 e5 2. Nf3 Nc6 3. Bb5 a6 4. Ba4 Nf6 5. 0-0 Nxe4 6. d4 b5 7. Bb3 d5 8. dxe5 Be6 9. c3 Bc5 10. Nbd2 0-0 11. Bc2 Nxf2 12. Rxf2 f6 13. exf6 Bxf2+ 14. Kxf2 Qxf6 15. Kg1 Rae8 16. Nf1 Ne5 17. Be3 Nxf3+ 18. Qxf3 Qxf3 19. gxf3 Rxf3 20. Bc5 Bh3 21. Ng3 g6 22. Rd1 Re6 23. Bd3 Kf7 24. b3 h5 25. c4 c6 26. Bd4 h4 27. Nh1 Bf5 28. Bf1 Rf4 29. Nf2 dxc4 30. bxc4 Rd6 31. Be3 Rxd1 32. Nxd1 bxc4 33. Bxf4 1-0

[Event "Golden Sands Europe op 2nd"]
[Site "Golden Sands"]
[Date "2013.06.10"]
[Round "1"]
[White "Sengupta, Deep"]
[Black "Kiselev, Alexander S"]
[Result "1-0"]
[WhiteElo "2548"]
[BlackElo "2204"]
[PlyCount "65"]
[EventDate "2013.06.10"]
[EventType "swiss"]
[EventRounds "9"]
[EventCountry "BUL"]
[SourceTitle "CBM 154 Extra"]
[Source "ChessBase"]
[SourceDate "2013.06.25"]
[SourceVersion "2"]
[SourceVersionDate "2013.06.25"]
[SourceQuality "1"]

1. e4 e5 2. Nf3 Nc6 3. Bc4 Nf6 4. d4 exd4 5. e5 d5 6. Bb5 Ne4 7. Nxd4 Bd7 8. Bxc6 bxc6 9. 0-0 Bc5 10. f3 Ng5 11. Be3 0-0 12. Nd2 Bb6 13. f4 Ne6 14. N2b3 f6 15. Qd2 Nxd4 16. Bxd4 fxe5 17. fxe5 Qe7 18. Qe3 Bf5 19. c3 Be4 20. Nc5 Rxf1+ 21. Rxf1 Re8 22. a4 a5 23. b4 Bg6 24. h3 h6 25. Rf3 Kh7 26. Rg3 Bxc5 27. Bxc5 Qxe5 28. Qxe5 Rxe5 29. bxa5 Re4 30. a6 Rxa4 31. a7 Be4 32. Re3 Ra3 33. c4 1-0

[Event "Split op 2nd"]
[Site "Split"]
[Date "2012.08.18"]
[Round "8"]
[White "Kiselev, Alexander S"]
[Black "Bender, Ivan"]
[Result "1-0"]
[WhiteElo "2191"]
[BlackElo "2275"]
[PlyCount "183"]
[EventDate "2012.08.11"]
[EventType "swiss"]
[EventRounds "9"]
[EventCountry "CRO"]
[SourceTitle "CBM 149 Extra"]
[Source "ChessBase"]
[SourceDate "2012.08.24"]
[SourceVersion "1"]
[SourceVersionDate "2012.08.24"]
[SourceQuality "1"]

1. e4 d5 2. exd5 Qxd5 3. Nc3 Qd6 4. d4 Nf6 5. Nf3 c6 6. g3 Bg4 7. Bg2 e6 8. 0-0 Be7 9. h3 Bxf3 10. Bxf3 0-0 11. Bf4 Qd8 12. Qd3 Na6 13. a3 Nc7 14. Rad1 Ncd5 15. Bc1 Nxc3 16. Qxc3 Qb6 17. Qc4 Rfd8 18. c3 Rd7 19. Qe2 h6 20. Qc2 Rad8 21. Kg2 a5 22. b4 Ra8 23. Be2 Qd8 24. Bc4 axb4 25. axb4 b5 26. Ba2 Rda7 27. Bb1 Qd5+ 28. Kg1 Bf8 29. Rde1 g6 30. Re5 Qd7 31. Rfe1 Bg7 32. R5e3 Ra1 33. Bb2 R1a4 34. Bc1 Nd5 35. Rf3 Nb6 36. h4 h5 37. Qe4 Ra1 38. Bb2 R1a7 39. Bc1 Qd5 40. Qe2 Nc4 41. Be4 Qd7 42. Bd3 Ra2 43. Qe4 Nd6 44. Qf4 Ra1 45. Rfe3 Nc4 46. Bxc4 bxc4 47. R3e2 Qd5 48. Qe4 Qxe4 49. Rxe4 Rb1 50. Bf4 Rb3 51. Rc1 Raa3 52. Re3 Bf8 53. Kf1 Be7 54. Ke1 Kf8 55. Rc2 Ke8 56. Kd2 Kd7 57. Re1 Kc8 58. Re4 Kb7 59. Bg5 Bd6 60. Bf6 Bf8 61. Bg5 Kb6 62. Bd8+ Kb7 63. Bg5 Kc8 64. Re1 Bd6 65. Bf6 Kb7 66. Be5 Bf8 67. Bf4 Kb6 68. Bg5 Bg7 69. Bf4 Kb5 70. Bg5 Ra7 71. Bf4 Rba3 72. Bg5 Ra1 73. Rxa1 Rxa1 74. Rc1 Ra3 75. Rc2 Ka4 76. Rc1 Ra2+ 77. Rc2 Ra1 78. Rc1 Rxc1 79. Kxc1 Kb3 80. Kd2 e5 81. d5 cxd5 82. b5 Bf8 83. b6 d4 84. cxd4 c3+ 85. Kd3 exd4 86. b7 Bd6 87. Bf4 c2 88. Bxd6 c1Q 89. b8Q+ Ka2 90. Qa7+ Kb3 91. Qb6+ Ka2 92. Qa5+ 1-0

[Event "Pardubice TEV op"]
[Site "Pardubice"]
[Date "2011.07.26"]
[Round "5"]
[White "Kiselev, Alexander S"]
[Black "Eschholz, Enno"]
[Result "0-1"]
[WhiteElo "2245"]
[BlackElo "2221"]
[PlyCount "68"]
[EventDate "2011.07.22"]
[EventType "swiss"]
[EventRounds "9"]
[EventCountry "CZE"]
[SourceTitle "EXT 2012"]
[Source "ChessBase"]
[SourceDate "2011.11.24"]
[SourceVersion "1"]
[SourceVersionDate "2011.11.24"]
[SourceQuality "1"]

1. e4 c5 2. Nf3 e6 3. d4 cxd4 4. Nxd4 Bc5 5. Nb3 Bb6 6. c4 Ne7 7. Nc3 0-0 8. Bf4 f5 9. Bd6 fxe4 10. Nxe4 Nbc6 11. Qd2 a5 12. a4 Bc7 13. c5 Bxd6 14. Nxd6 Nf5 15. Bb5 Nxd6 16. Qxd6 Qf6 17. 0-0 Qxb2 18. Nd2 Qd4 19. Nc4 Rxf2 20. Qxd4 Rxf1+ 21. Kxf1 Nxd4 22. Nb6 Rb8 23. Rd1 Nb3 24. Nxc8 Rxc8 25. Bxd7 Rf8+ 26. Ke2 Nxc5 27. Bb5 Kf7 28. Ke3 Ke7 29. h4 Rf5 30. Rc1 b6 31. Rb1 Re5+ 32. Kf3 Re4 33. g4 Rb4 34. Ra1 h5 0-1

[Event "Voronezh op-B 15th"]
[Site "Voronezh"]
[Date "2011.06.18"]
[Round "7"]
[White "Kiselev, Alexander S"]
[Black "Katkov, Vitaly"]
[Result "1-0"]
[WhiteElo "2242"]
[BlackElo "2091"]
[PlyCount "65"]
[EventDate "2011.06.12"]
[EventType "swiss"]
[EventRounds "9"]
[EventCountry "RUS"]
[SourceTitle "CBM 143 Extra"]
[Source "ChessBase"]
[SourceDate "2011.08.29"]
[SourceVersion "1"]
[SourceVersionDate "2011.08.29"]
[SourceQuality "1"]

1. e4 c6 2. d4 d5 3. e5 Bf5 4. Nf3 e6 5. a3 c5 6. c4 Nc6 7. cxd5 exd5 8. Nc3 f6 9. Bb5 a6 10. Bxc6+ bxc6 11. 0-0 c4 12. Re1 Be7 13. Nh4 Bd3 14. Qg4 Kf8 15. Nf5 g6 16. Nxe7 Qxe7 17. Bd2 f5 18. Qg3 Kg7 19. Bg5 Qa7 20. e6 h6 21. Qe5+ Kh7 22. e7 hxg5 23. e8Q Rxe8 24. Qxe8 Qxd4 25. Qf7+ Qg7 26. Qxg7+ Kxg7 27. Re6 d4 28. Na4 Be4 29. f3 Kf7 30. Rd6 Bd5 31. Re1 Nf6 32. Nc5 Rb8 33. Rxf6+ 1-0

[Event "Voronezh op-B 15th"]
[Site "Voronezh"]
[Date "2011.06.15"]
[Round "4"]
[White "Kiselev, Alexander S"]
[Black "Torshin, Anton1111"]
[Result "0-1"]
[WhiteElo "2242"]
[BlackElo "2148"]
[PlyCount "58"]
[EventDate "2011.06.12"]
[EventType "swiss"]
[EventRounds "9"]
[EventCountry "RUS"]
[SourceTitle "CBM 143 Extra"]
[Source "ChessBase"]
[SourceDate "2011.08.29"]
[SourceVersion "1"]
[SourceVersionDate "2011.08.29"]
[SourceQuality "1"]

1. e4 c5 2. Nf3 d6 3. d4 cxd4 4. Nxd4 Nf6 5. Nc3 a6 6. g3 g6 7. Bg2 Bg7 8. 0-0 0-0 9. h3 Bd7 10. Be3 Nc6 11. Nde2 Qa5 12. Nd5 Nxd5 13. exd5 Ne5 14. Bd4 Rac8 15. f4 Nc4 16. Bxg7 Kxg7 17. Qd4+ Kg8 18. b3 Na3 19. b4 Qb5 20. Qe4 Bf5 21. Qf3 Nxc2 22. Rac1 Bd3 23. Rf2 Nd4 24. Nxd4 Rxc1+ 25. Kh2 Qc4 26. Nb3 Rc2 27. Rd2 Qc3 28. Qd1 Rc8 29. f5 Bxf5 0-1

[Event "Voronezh op-B 15th"]
[Site "Voronezh"]
[Date "2011.06.12"]
[Round "1"]
[White "Chigaeva, Anastasia"]
[Black "Kiselev, Alexander S"]
[Result "1/2-1/2"]
[WhiteElo "1920"]
[BlackElo "2242"]
[PlyCount "66"]
[EventDate "2011.06.12"]
[EventType "swiss"]
[EventRounds "9"]
[EventCountry "RUS"]
[SourceTitle "CBM 143 Extra"]
[Source "ChessBase"]
[SourceDate "2011.08.29"]
[SourceVersion "1"]
[SourceVersionDate "2011.08.29"]
[SourceQuality "1"]

1. e4 e5 2. Nf3 Nc6 3. d4 exd4 4. Bc4 Nf6 5. e5 d5 6. Bb5 Ne4 7. Nxd4 Bd7 8. Bxc6 bxc6 9. 0-0 Bc5 10. f3 Ng5 11. Be3 0-0 12. f4 Ne4 13. Nd2 Nxd2 14. Qxd2 f6 15. Nb3 Bb6 16. Nc5 Bf5 17. h3 Qe7 18. Qc3 Rae8 19. Bd4 fxe5 20. fxe5 Qg5 21. Kh2 Qg6 22. Rf2 h5 23. a4 a5 24. Raf1 Be4 25. Nxe4 Qxe4 26. Rxf8+ Rxf8 27. Rxf8+ Kxf8 28. Bc5+ Kf7 29. Bxb6 cxb6 30. Qxc6 Qxe5+ 31. Kh1 Qe6 32. Qc7+ Kg6 33. Qg3+ Kh6 1/2-1/2

[Event "Zvenigorod Autumn op-B"]
[Site "Zvenigorod"]
[Date "2008.09.26"]
[Round "3"]
[White "Kiselev, Alexander S"]
[Black "Popelyshev, Igor Viktorovich"]
[Result "0-1"]
[WhiteElo "2267"]
[BlackElo "2190"]
[PlyCount "56"]
[EventDate "2008.09.25"]
[EventType "swiss"]
[EventRounds "9"]
[EventCountry "RUS"]
[SourceTitle "EXT 2022"]
[Source "ChessBase"]
[SourceDate "2021.10.06"]
[SourceVersion "1"]
[SourceVersionDate "2021.10.06"]
[SourceQuality "1"]

1. e4 c5 2. Nf3 Nc6 3. d4 cxd4 4. Nxd4 g6 5. Nc3 Bg7 6. Be3 Nf6 7. Be2 0-0 8. 0-0 d5 9. exd5 Nxd5 10. Nxd5 Qxd5 11. Bf3 Qc4 12. Nxc6 bxc6 13. c3 Be6 14. Re1 a5 15. Qe2 Rab8 16. b3 Qxe2 17. Rxe2 Bxc3 18. Rc1 Bb4 19. Bxc6 Rfd8 20. f3 Rbc8 21. Rec2 Ba3 22. Re1 Bd5 23. Rd1 Rd6 24. Bxd5 Rxc2 25. Bf4 Bc5+ 26. Kh1 e5 27. Bh6 Rxa2 28. h4 Bd4 0-1

[Event "Zvenigorod Autumn op-B"]
[Site "Zvenigorod"]
[Date "2008.09.25"]
[Round "1"]
[White "Kiselev, Alexander S"]
[Black "Vladimirov, Mikhail"]
[Result "1-0"]
[WhiteElo "2267"]
[BlackElo "2078"]
[PlyCount "123"]
[EventDate "2008.09.25"]
[EventType "swiss"]
[EventRounds "9"]
[EventCountry "RUS"]
[SourceTitle "EXT 2022"]
[Source "ChessBase"]
[SourceDate "2021.10.06"]
[SourceVersion "1"]
[SourceVersionDate "2021.10.06"]
[SourceQuality "1"]

1. e4 e5 2. Nf3 Nc6 3. d4 exd4 4. Nxd4 Bc5 5. Nxc6 bxc6 6. Nc3 Ne7 7. Bc4 Ng6 8. 0-0 0-0 9. Kh1 Bb7 10. Qh5 Bd4 11. Ne2 Bb6 12. Nf4 Nxf4 13. Bxf4 d5 14. Bd3 g6 15. Qf3 f6 16. Rad1 Qe7 17. c3 a5 18. Rfe1 Rae8 19. Qg3 Qg7 20. h4 g5 21. Bd2 h5 22. exd5 Rxe1+ 23. Rxe1 cxd5 24. Qf3 Bc5 25. Re2 g4 26. Qf5 Qf7 27. Qg6+ Qxg6 28. Bxg6 Kg7 29. Bd3 Bd6 30. Kg1 Bc8 31. g3 Bd7 32. Bf4 Bxf4 33. gxf4 c5 34. Kf1 c4 35. Bc2 Kf7 36. Ke1 a4 37. Kd2 Rd8 38. Bd1 Bc6 39. Ke3 Re8+ 40. Kd4 Rxe2 41. Bxe2 Ke6 42. Bd1 Kf5 43. Ke3 Ke6 44. Bc2 f5 45. Kd4 Bd7 46. Kc5 Be8 47. Bd1 Bd7 48. Be2 Bc8 49. Bd1 Bd7 50. Kb4 Kd6 51. Bxa4 Bxa4 52. Kxa4 Kc5 53. b4+ cxb3 54. axb3 d4 55. b4+ Kc4 56. cxd4 Kxd4 57. b5 Ke4 58. b6 Kxf4 59. b7 Kf3 60. b8Q f4 61. Qe5 g3 62. fxg3 1-0

[Event "RUS Cup tt"]
[Site "Miass"]
[Date "2007.11.24"]
[Round "7"]
[White "Kiselev, Alexander S"]
[Black "Chuprikov, Dmitry"]
[Result "0-1"]
[WhiteElo "2294"]
[BlackElo "2404"]
[PlyCount "61"]
[EventDate "2007.11.19"]
[EventType "swiss"]
[EventRounds "10"]
[EventCountry "RUS"]
[SourceTitle "CBM 121 Extra"]
[Source "ChessBase"]
[SourceDate "2008.01.10"]
[SourceVersion "1"]
[SourceVersionDate "2008.01.10"]
[SourceQuality "1"]

1. e4 e6 2. d4 d5 3. e5 c5 4. c3 Qb6 5. Nf3 Nc6 6. a3 Nh6 7. b4 cxd4 8. cxd4 Nf5 9. Bb2 Bd7 10. g4 Nfe7 11. Nc3 Na5 12. Na4 Qc6 13. b5 Qc7 14. Bc3 Nc4 15. Qb3 h5 16. g5 Nf5 17. Bd3 a6 18. bxa6 Rxa6 19. Nc5 Bxc5 20. dxc5 0-0 21. 0-0 Rc8 22. Bxf5 exf5 23. Qd1 Qxc5 24. Nd4 Nxe5 25. Rc1 f4 26. Bb2 Qb6 27. Qe2 Re8 28. Ba1 Rxa3 29. Qb2 Qxb2 30. Bxb2 Ra4 31. Rfd1 0-1

[Event "RUS Cup tt"]
[Site "Miass"]
[Date "2007.11.22"]
[Round "4"]
[White "Zaitsev, Alexander"]
[Black "Kiselev, Alexander S"]
[Result "1/2-1/2"]
[WhiteElo "2406"]
[BlackElo "2294"]
[PlyCount "76"]
[EventDate "2007.11.19"]
[EventType "swiss"]
[EventRounds "10"]
[EventCountry "RUS"]
[SourceTitle "CBM 121 Extra"]
[Source "ChessBase"]
[SourceDate "2008.01.10"]
[SourceVersion "1"]
[SourceVersionDate "2008.01.10"]
[SourceQuality "1"]

1. d4 d5 2. Nf3 Nf6 3. c4 e6 4. g3 Be7 5. Bg2 0-0 6. 0-0 dxc4 7. Qc2 a6 8. a4 Bd7 9. Qxc4 Bc6 10. Nc3 b5 11. Qd3 b4 12. Nb1 Be4 13. Qd1 c5 14. Nbd2 Bd5 15. dxc5 Nbd7 16. Nb3 Nxc5 17. Nxc5 Bxc5 18. Ne5 Bxg2 19. Kxg2 Qc7 20. Nd3 Be7 21. Qb3 Rfd8 22. Rd1 Qb7+ 23. f3 Rac8 24. Be3 Qd5 25. Qxd5 Nxd5 26. Kf2 Kf8 27. Rac1 Ke8 28. Bc5 Bxc5+ 29. Nxc5 Rc6 30. e4 Rdc8 31. Nb3 Rxc1 32. Rxc1 Rxc1 33. Nxc1 Nb6 34. b3 a5 35. Nd3 Nd7 36. e5 Kd8 37. Ke3 Kc7 38. Kd4 Kc6 1/2-1/2

[Event "Soukhumi op"]
[Site "Soukhumi"]
[Date "2007.08.11"]
[Round "8"]
[White "Kretov, Evgenij"]
[Black "Kiselev, Alexander S"]
[Result "1/2-1/2"]
[WhiteElo "2138"]
[BlackElo "2341"]
[PlyCount "71"]
[EventDate "2007.08.03"]
[EventType "swiss"]
[EventRounds "9"]
[EventCountry "RUS"]
[SourceTitle "EXT 2009"]
[Source "ChessBase"]
[SourceDate "2008.11.26"]
[SourceVersion "1"]
[SourceVersionDate "2008.11.26"]
[SourceQuality "1"]

1. d4 d5 2. c4 e6 3. Nc3 Nf6 4. Bg5 dxc4 5. e3 c5 6. Nf3 Nc6 7. Bxc4 cxd4 8. exd4 Be7 9. 0-0 0-0 10. Re1 a6 11. Qd2 b5 12. Bb3 Bb7 13. d5 Na5 14. dxe6 Nxb3 15. Qxd8 Rfxd8 16. exf7+ Kf8 17. axb3 Bxf3 18. gxf3 Kxf7 19. Rad1 Bb4 20. Rxd8 Rxd8 21. Rd1 Rxd1+ 22. Nxd1 Nd7 23. Nc3 Ne5 24. Nd5 Bd6 25. f4 Nd3 26. f5 Nxb2 27. Bd8 Nd3 28. f6 gxf6 29. Nxf6 h6 30. Ne4 Bb4 31. Bb6 Ke6 32. Be3 Ke5 33. Ng3 Bf8 34. Ne2 Nc5 35. Nc1 Ke4 36. Kf1 1/2-1/2

[Event "Soukhumi op"]
[Site "Soukhumi"]
[Date "2007.08.10"]
[Round "7"]
[White "Kiselev, Alexander S"]
[Black "Kabanov, Nikolai"]
[Result "0-1"]
[WhiteElo "2341"]
[BlackElo "2509"]
[PlyCount "62"]
[EventDate "2007.08.03"]
[EventType "swiss"]
[EventRounds "9"]
[EventCountry "RUS"]
[SourceTitle "EXT 2009"]
[Source "ChessBase"]
[SourceDate "2008.11.26"]
[SourceVersion "1"]
[SourceVersionDate "2008.11.26"]
[SourceQuality "1"]

1. e4 e5 2. Nf3 d6 3. d4 exd4 4. Nxd4 Nf6 5. Nc3 Be7 6. Bc4 0-0 7. 0-0 c6 8. a4 d5 9. exd5 cxd5 10. Be2 h6 11. Be3 Nc6 12. Re1 a6 13. h3 Bb4 14. Rf1 Qd6 15. Nb3 Qe5 16. Bd4 Nxd4 17. Nxd4 Bc5 18. Nf3 Qg3 19. Nd4 Qf4 20. Nb3 Bd6 21. g3 Qf5 22. Bg4 Nxg4 23. hxg4 Qg6 24. Nxd5 Bxg4 25. Nf6+ Qxf6 26. Qxg4 Qxb2 27. Qe4 Rac8 28. Qxb7 Rxc2 29. Rab1 Qc3 30. Na1 Ra2 31. Rb3 Qd4 0-1

[Event "Soukhumi op"]
[Site "Soukhumi"]
[Date "2007.08.03"]
[Round "1"]
[White "Kiselev, Alexander S"]
[Black "Kondratenko, Anatoly"]
[Result "1-0"]
[WhiteElo "2341"]
[BlackElo "2189"]
[PlyCount "63"]
[EventDate "2007.08.03"]
[EventType "swiss"]
[EventRounds "9"]
[EventCountry "RUS"]
[SourceTitle "EXT 2009"]
[Source "ChessBase"]
[SourceDate "2008.11.26"]
[SourceVersion "1"]
[SourceVersionDate "2008.11.26"]
[SourceQuality "1"]

1. e4 c6 2. d4 d5 3. Nc3 dxe4 4. Nxe4 Bf5 5. Ng3 Bg6 6. h4 h6 7. h5 Bh7 8. Nf3 Nd7 9. Bd3 Bxd3 10. Qxd3 Ngf6 11. Bf4 Qa5+ 12. Bd2 Qc7 13. Ne4 e6 14. 0-0-0 0-0-0 15. g3 Nxe4 16. Qxe4 Nf6 17. Qe2 Rd5 18. Bf4 Qa5 19. c4 Rxh5 20. Ne5 Rxh1 21. Rxh1 Bd6 22. Nxf7 Bxf4+ 23. gxf4 Qxa2 24. Qxe6+ Nd7 25. Re1 Rf8 26. Re3 Qa1+ 27. Kc2 Qf1 28. Nd6+ Kc7 29. Ne4 Kd8 30. Nc5 Qxf2+ 31. Kc3 Nxc5 32. Qe7+ 1-0

[Event "St Petersburg White Nights op"]
[Site "St Petersburg"]
[Date "2000.07.01"]
[Round "8"]
[White "Kiselev, Alexander S"]
[Black "Aleksandrov, Danila"]
[Result "1-0"]
[WhiteElo "2385"]
[BlackElo "2254"]
[PlyCount "105"]
[EventDate "2000.06.23"]
[EventType "swiss"]
[EventRounds "9"]
[EventCountry "RUS"]
[SourceTitle "CBM 076 Extra"]
[Source "ChessBase"]
[SourceDate "2000.07.11"]
[SourceVersion "1"]
[SourceVersionDate "2000.07.11"]
[SourceQuality "1"]

1. d4 d5 2. c4 e6 3. Nc3 c6 4. cxd5 exd5 5. Nf3 Bd6 6. Qc2 Ne7 7. Bg5 f6 8. Bh4 Bf5 9. Qd2 0-0 10. e3 Nd7 11. Bg3 Qc7 12. Rc1 Bxg3 13. hxg3 Qd6 14. Bd3 Bg6 15. Bxg6 hxg6 16. Qd3 Kf7 17. Ke2 Rh8 18. Rb1 Rae8 19. Kd2 Nf5 20. Rbe1 Qb4 21. Kc2 Rxh1 22. Rxh1 Nd6 23. Nd2 f5 24. f3 Nf6 25. g4 fxg4 26. e4 Nc4 27. Nb3 a5 28. a3 Qe7 29. e5 Nxe5 30. dxe5 Qxe5 31. Nxa5 d4 32. Nc4 Qg3 33. Rd1 b5 34. Ne2 Qh2 35. Nd2 Re3 36. Nf1 Qxg2 37. Nxe3 dxe3 38. fxg4 Nd5 39. Kb1 Qxg4 40. Nc3 Nf6 41. Qxe3 g5 42. Re1 Qf5+ 43. Ka1 g4 44. Ne4 Kg6 45. Nxf6 gxf6 46. Qe8+ Kg5 47. Qxc6 g3 48. Qg2 Qf4 49. Rf1 Qe5 50. Qf3 f5 51. Rh1 Kf6 52. Qc6+ Kg5 53. Qh6+ 1-0

[Event "St Petersburg White Nights op"]
[Site "St Petersburg"]
[Date "2000.06.29"]
[Round "6"]
[White "Trushelyov, Victor"]
[Black "Kiselev, Alexander S"]
[Result "0-1"]
[WhiteElo "2062"]
[BlackElo "2385"]
[PlyCount "92"]
[EventDate "2000.06.23"]
[EventType "swiss"]
[EventRounds "9"]
[EventCountry "RUS"]
[SourceTitle "CBM 076 Extra"]
[Source "ChessBase"]
[SourceDate "2000.07.11"]
[SourceVersion "1"]
[SourceVersionDate "2000.07.11"]
[SourceQuality "1"]

1. e4 c5 2. Nc3 Nc6 3. f4 d6 4. Nf3 g6 5. Bc4 Bg7 6. d3 e6 7. 0-0 Nge7 8. Qe1 a6 9. a4 0-0 10. Kh1 Rb8 11. Qg3 Na5 12. Ba2 b5 13. axb5 axb5 14. Nh4 b4 15. Ne2 b3 16. cxb3 Nxb3 17. Bxb3 Rxb3 18. Ra3 Rb7 19. Nc3 Nc6 20. Nf3 Nb4 21. Ne1 f5 22. Qe3 fxe4 23. dxe4 Rbf7 24. Ra8 Qb6 25. Ra3 e5 26. Nd5 Qb5 27. Rf2 Nxd5 28. exd5 Rxf4 29. Rxf4 Rxf4 30. Nf3 Rf8 31. h3 Qc4 32. Bd2 Qxd5 33. Bc3 Bxh3 34. Kh2 Bg4 35. Nd2 Bf5 36. Ra7 Rf7 37. b4 Qb7 38. Ra4 Qc6 39. Ra5 cxb4 40. Bxb4 h6 41. Qb3 Kh7 42. Qa3 Qc2 43. Ra8 e4 44. Nf1 Be5+ 45. Kg1 Bd4+ 46. Kh2 Qf2 0-1